<?xml version="1.0" encoding="UTF-8"?>
<record
    xmlns:xsi="http://www.w3.org/2001/XMLSchema-instance"
    xsi:schemaLocation="http://www.loc.gov/MARC21/slim http://www.loc.gov/standards/marcxml/schema/MARC21slim.xsd"
    xmlns="http://www.loc.gov/MARC21/slim">

  <leader>04430cam a22005174i 4500</leader>
  <controlfield tag="003">PE-LiUPU</controlfield>
  <controlfield tag="005">20250731183413.0</controlfield>
  <controlfield tag="008">181119s2013    sp a    rb    001 0 spa  </controlfield>
  <datafield tag="020" ind1=" " ind2=" ">
    <subfield code="a">9788447214877(Universidad de Sevilla)</subfield>
  </datafield>
  <datafield tag="020" ind1=" " ind2=" ">
    <subfield code="a">9788480950107(Consejeria de Fomento y Vivienda)</subfield>
  </datafield>
  <datafield tag="035" ind1=" " ind2=" ">
    <subfield code="a">(Sirsi) a250673</subfield>
  </datafield>
  <datafield tag="040" ind1=" " ind2=" ">
    <subfield code="a">PE-LiUPU</subfield>
    <subfield code="b">spa</subfield>
    <subfield code="c">PE-LiUPU</subfield>
    <subfield code="e">rda</subfield>
  </datafield>
  <datafield tag="049" ind1=" " ind2=" ">
    <subfield code="a">PRUA</subfield>
  </datafield>
  <datafield tag="082" ind1="0" ind2="4">
    <subfield code="a">711</subfield>
    <subfield code="b">R88</subfield>
    <subfield code="2">20</subfield>
  </datafield>
  <datafield tag="100" ind1="1" ind2=" ">
    <subfield code="a">Royo Naranjo, Lourdes,</subfield>
    <subfield code="e">autor.</subfield>
  </datafield>
  <datafield tag="245" ind1="1" ind2="0">
    <subfield code="a">Turismo, desarrollo, arquitectura :</subfield>
    <subfield code="b">la aventura de la modernidad /</subfield>
    <subfield code="c">Lourdes Royo Naranjo.</subfield>
  </datafield>
  <datafield tag="250" ind1=" " ind2=" ">
    <subfield code="a">Primera edici&#xF3;n.</subfield>
  </datafield>
  <datafield tag="264" ind1=" " ind2="1">
    <subfield code="a">Sevilla :</subfield>
    <subfield code="b"> Universidad de Sevilla, Consejer&#xED;a de Fomento y Vivienda,</subfield>
    <subfield code="c"> 2013.</subfield>
  </datafield>
  <datafield tag="300" ind1=" " ind2=" ">
    <subfield code="a">333 p&#xE1;ginas :</subfield>
    <subfield code="b">ilustraciones ;</subfield>
    <subfield code="c">24 cent&#xED;metros.</subfield>
  </datafield>
  <datafield tag="336" ind1=" " ind2=" ">
    <subfield code="a">text</subfield>
    <subfield code="2">rdacontent</subfield>
  </datafield>
  <datafield tag="337" ind1=" " ind2=" ">
    <subfield code="a">unmediated</subfield>
    <subfield code="2">rdamedia</subfield>
  </datafield>
  <datafield tag="338" ind1=" " ind2=" ">
    <subfield code="a">volume</subfield>
    <subfield code="2">rdacarrier</subfield>
  </datafield>
  <datafield tag="490" ind1="0" ind2=" ">
    <subfield code="a">Kora ;</subfield>
    <subfield code="v">25</subfield>
  </datafield>
  <datafield tag="504" ind1=" " ind2=" ">
    <subfield code="a">Bibliograf&#xED;a : p&#xE1;ginas 309-322.</subfield>
  </datafield>
  <datafield tag="504" ind1=" " ind2=" ">
    <subfield code="a">&#xCD;ndice : p&#xE1;ginas 323-333.</subfield>
  </datafield>
  <datafield tag="505" ind1="0" ind2=" ">
    <subfield code="a">Introducci&#xF3;n -- Primeros pasos -- El estado de la cuesti&#xF3;n: an&#xE1;lisis de los estudios precedentes y punto de partida -- Escala del an&#xE1;lisis: justificaci&#xF3;n geogr&#xE1;fica y temporal -- Encuadre general del estudio. Turismo, desarrollo y modernidad -- El turismo como factor de desarrollo. Bases te&#xF3;ricas de un proceso de modernizaci&#xF3;n -- El turismo como fen&#xF3;meno. Marco conceptual de un "hecho social total" -- Primeras notas de una historia de viajes y descubrimientos: turismo, paisaje y Mediterr&#xE1;neo -- Cambios y transformaciones litorales: el turismo como protagonista -- La cultura del ba&#xF1;o. Aproximaciones a una arquitectura de sol y playa -- La arquitectura del turismo: la definici&#xF3;n de un nuevo modelo en la construcci&#xF3;n moderna del espacio tur&#xED;stico -- Instrumentos de pol&#xED;tica tur&#xED;stica: la planificaci&#xF3;n tur&#xED;stica en Espa&#xF1;a entre 1930 y 1980 -- Los touroperadores y la sistematizaci&#xF3;n moderna del turismo como negocio.  Breves notas sobre un factor determinante de modernizaci&#xF3;n -- Turismo y M&#xE1;laga. Una historia de amor a primera vista -- El fen&#xF3;meno tur&#xED;stico en la provincia de M&#xE1;laga. &#xBF;Hacia la formulaci&#xF3;n de una nueva arquitectura? -- Los inicios del desarrollo tur&#xED;stico y el nacimiento de la Costa del Sol -- El auge del turismo de M&#xE1;laga y la especializaci&#xF3;n de la costa en los a&#xF1;os sesenta -- El turismo de masas como objeto de estudio. Distintas miradas a un mismo fen&#xF3;meno -- Procesos tur&#xED;sticos en la costa de M&#xE1;laga entre 1970 y 1980 la profesionalizaci&#xF3;n del sector -- La planificaci&#xF3;n tur&#xED;stica en la Costa del Sol entre 1930 y 1980. Instrumentos de control para un proceso descontrolado -- Procesos tur&#xED;sticos, transformaciones y configuraci&#xF3;n de la costa de M&#xE1;laga -- De ciudad balneario a centro de la Costa del Sol: el papel de la ciudad de M&#xE1;laga en la historia del turismo de costa -- La Costa del Sol Occidental. Un modelo de apropiaci&#xF3;n tur&#xED;stica -- La Costa del Sol Oriental. Desequilibrios e intereses de un proceso tur&#xED;stico no demandado -- Transformaciones territoriales y paisajistas de la Costa del Sol -- Imagen y publicidad en la construcci&#xF3;n moderna de la Costa del Sol -- La promoci&#xF3;n del turismo en la Costa del Sol -- Notas para la historia de la Costa del Sol: la configuraci&#xF3;n de un modelo tur&#xED;stico espacial cuestionado y la definici&#xF3;n de un territorio tur&#xED;stico.</subfield>
  </datafield>
  <datafield tag="526" ind1=" " ind2=" ">
    <subfield code="a">P158</subfield>
  </datafield>
  <datafield tag="526" ind1=" " ind2=" ">
    <subfield code="a">P146</subfield>
  </datafield>
  <datafield tag="526" ind1=" " ind2=" ">
    <subfield code="a">P17</subfield>
  </datafield>
  <datafield tag="526" ind1=" " ind2=" ">
    <subfield code="a">P12</subfield>
  </datafield>
  <datafield tag="526" ind1=" " ind2=" ">
    <subfield code="a">P06</subfield>
  </datafield>
  <datafield tag="541" ind1=" " ind2=" ">
    <subfield code="g">002-00000605;</subfield>
  </datafield>
  <datafield tag="650" ind1="0" ind2="4">
    <subfield code="a">Turismo y urbanismo</subfield>
    <subfield code="z">Costa del Sol</subfield>
    <subfield code="v">Historia.</subfield>
  </datafield>
  <datafield tag="650" ind1="0" ind2="4">
    <subfield code="a">Turismo</subfield>
    <subfield code="x">Planificaci&#xF3;n</subfield>
    <subfield code="z">Espa&#xF1;a</subfield>
    <subfield code="z">Andaluc&#xED;a.</subfield>
  </datafield>
  <datafield tag="650" ind1="0" ind2="4">
    <subfield code="a">Turismo</subfield>
    <subfield code="x">Aspecto del medio ambiente</subfield>
    <subfield code="z">Espa&#xF1;a</subfield>
    <subfield code="z">Andaluc&#xED;a.</subfield>
  </datafield>
  <datafield tag="650" ind1="0" ind2="4">
    <subfield code="a">Ordenaci&#xF3;n del territorio</subfield>
    <subfield code="z">Espa&#xF1;a</subfield>
    <subfield code="z">Andaluc&#xED;a.</subfield>
  </datafield>
  <datafield tag="650" ind1="0" ind2="4">
    <subfield code="a">Desarrollo sostenible</subfield>
    <subfield code="z">Espa&#xF1;a</subfield>
    <subfield code="z">Andaluc&#xED;a.</subfield>
  </datafield>
  <datafield tag="650" ind1="0" ind2="4">
    <subfield code="a">Arquitectura moderna</subfield>
    <subfield code="y">Siglo XXI</subfield>
    <subfield code="z">Espa&#xF1;a</subfield>
    <subfield code="z">Andaluc&#xED;a.</subfield>
  </datafield>
  <datafield tag="710" ind1="1" ind2=" ">
    <subfield code="a">Andaluc&#xED;a.</subfield>
    <subfield code="b">Junta.</subfield>
    <subfield code="b">Consejer&#xED;a de Fomento y Vivienda.</subfield>
  </datafield>
  <datafield tag="710" ind1="2" ind2=" ">
    <subfield code="a">Universidad de Sevilla.</subfield>
    <subfield code="b">Secretariado de Publicaciones.</subfield>
  </datafield>
  <datafield tag="910" ind1=" " ind2=" ">
    <subfield code="a">dbm</subfield>
    <subfield code="b">csm</subfield>
    <subfield code="c">csm</subfield>
    <subfield code="d">20181119</subfield>
  </datafield>
  <datafield tag="942" ind1=" " ind2=" ">
    <subfield code="2">ddc</subfield>
    <subfield code="c">BOOK</subfield>
  </datafield>
  <datafield tag="994" ind1=" " ind2=" ">
    <subfield code="a">C0</subfield>
    <subfield code="b">PEPRU</subfield>
  </datafield>
  <datafield tag="596" ind1=" " ind2=" ">
    <subfield code="a">1</subfield>
  </datafield>
  <datafield tag="999" ind1=" " ind2=" ">
    <subfield code="a">711 R88</subfield>
    <subfield code="w">DEWEY</subfield>
    <subfield code="c">30153</subfield>
    <subfield code="i">79148</subfield>
    <subfield code="f">2021-11-9</subfield>
    <subfield code="g">4</subfield>
    <subfield code="l">CCODEBUL1</subfield>
    <subfield code="m">BUL</subfield>
    <subfield code="p">28.16</subfield>
    <subfield code="r">0</subfield>
    <subfield code="s">Y</subfield>
    <subfield code="t">BOOK</subfield>
    <subfield code="u">2018-11-16</subfield>
    <subfield code="x">INGENIERIA</subfield>
    <subfield code="P">P06</subfield>
    <subfield code="0">COMPRA</subfield>
    <subfield code="1">FCOMPR2</subfield>
    <subfield code="o">.STAFF. Colecci&#xF3;n Ingenier&#xED;a y Arquitectura</subfield>
    <subfield code="d">30153</subfield>
  </datafield>
  <datafield tag="980" ind1=" " ind2=" ">
    <subfield code="8">1</subfield>
    <subfield code="g">ALBERTO SANCHEZ Responsable de Automatizaci&#xF3;n</subfield>
  </datafield>
  <datafield tag="952" ind1=" " ind2=" ">
    <subfield code="r">2025-12-03 00:00:00</subfield>
    <subfield code="i">5</subfield>
    <subfield code="l">0</subfield>
    <subfield code="o">711 R88</subfield>
    <subfield code="p">79148</subfield>
    <subfield code="t">e1</subfield>
    <subfield code="v">33.16</subfield>
    <subfield code="w">2018-11-16</subfield>
    <subfield code="x">FIA</subfield>
    <subfield code="y">BK</subfield>
    <subfield code="z">inventario-2023-12-13</subfield>
    <subfield code="1">0</subfield>
    <subfield code="2">ddc</subfield>
    <subfield code="5">0</subfield>
    <subfield code="7">0</subfield>
    <subfield code="8">GEN</subfield>
    <subfield code="f">P06</subfield>
    <subfield code="a">BUL</subfield>
    <subfield code="b">BUL</subfield>
    <subfield code="c">GEN</subfield>
    <subfield code="d">2018-11-16</subfield>
    <subfield code="e">COMPRA</subfield>
    <subfield code="g">28.16</subfield>
  </datafield>
</record>
